=LDR 00000nam 2200000 4500 =001 NUTBA000000000004712 =990 ##$$a 01201807033 =005 20140923162347.0 =990 ##$$a 0001/BPAP-NTB/20142014 =006 =990 ##$$a 0001/BPAP-NTB/20142014 =007 =008 =020 ##$$a 978-602-8503-99-0 =035 ##$$a 0010-091400000000745 =082 ##$$a 371.3 =100 ##$$a SUYATNO =245 ##$$a MENJELAJAH PEMBELAJARAN INOVATIF =250 ##$$a Cet. 1 =260 ##$$a SIDOARJO $b MASMEDIA BUANA PUSTAKA $c 2009 =300 ##$$a VIII, 176 HLM $b ILUS $c 21 CM =990 ##$$a 0001/BPAP-NTB/20142014 =990 ##$$a 0001/BPAP-NTB/20142014 =990 ##$$a 70337033 =990 ##$$a 01201807033 =990 ##$$a 0001/BPAP-NTB/20142014 =990 ##$$a 0001/BPAP-NTB/20142014